000 01037cab a22001935a 4500
001 L142000
008 080117s2007 xxuad f s 000 0 eng d
035 _a(Sirsi) u142000
041 0 _aeng
110 2 _aNational Real Estate Investor
_93607
245 0 0 _a2008 Real estate investment outlook
_ba special research report
260 _c2007
490 0 _aNational Real Estate Investor
_v49(11) November 2007 (special research report), 1-11(11)
520 _aReports that despite the credit crunch, investors are still confident about the U.S. commercial real estate sector. Surveys over 1,000 real estate investors. Finds that 62% plan to invest in real estate during 2008, compared to 60% in 2006. Availability and cost of financing emerged as the top concerns for 2008, followed by shocks to the economy. Replacement cost continues to be a key criterion for investors when making acquisitions.
590 _aKA
651 4 _aUnited States
_y1959-
690 _aPROPERTY-COMMERCIAL PROPERTY-COMMERCIAL PROPERTY MARKET
942 _n0
999 _c79696
_d79696